|
|
|
|
| LEADER |
01634nam a2200313 a 4500 |
| 001 |
18140 |
| 003 |
BD-DhAAL |
| 008 |
750430r1975 nyu b 001 0 eng d |
| 010 |
|
|
|a \\\75014364
|
| 020 |
|
|
|a 0387901256
|
| 020 |
|
|
|a 3540901256
|
| 040 |
|
|
|a DLC
|c DLC
|d DLC
|d BD-DhAAL
|
| 082 |
0 |
0 |
|a 514.3
|
| 100 |
1 |
|
|a Kelley, John L.
|9 41565
|
| 245 |
1 |
0 |
|a General topology /
|c John L. Kelley.
|
| 260 |
|
|
|a New York :
|b Springer-Verlag,
|c c1955 [1975].
|
| 300 |
|
|
|a xiv, 298 pages ;
|c 24 cm
|
| 490 |
|
0 |
|a Graduate texts in mathematics ;
|v 27
|
| 500 |
|
|
|a Reprint of the edition published by Van Nostrand, New York in The University series in higher mathematics.
|
| 504 |
|
|
|a Includes bibliographical references (pages 282-291) and index.
|
| 526 |
|
|
|a MNS
|x Fardousi Ara Begum
Faculty Member of BRAC University
Course name : Topology (MAT 411)
|
| 541 |
1 |
|
|e 18140, 18141
|a D. S. Books International
|
| 650 |
|
0 |
|a Topology.
|9 41566
|
| 830 |
|
|
|a Graduate texts in mathematics ;
|v 27
|
| 852 |
4 |
|
|a Ayesha Abed Library
|c General Stacks
|
| 942 |
|
|
|2 ddc
|c BK
|
| 999 |
|
|
|c 273
|d 273
|
| 952 |
|
|
|0 0
|1 0
|2 ddc
|4 0
|6 514_300000000000000_KEL
|7 0
|9 251
|a BRACUL
|b BRACUL
|c GEN
|d 2009-04-29
|e D. S. Books International
|l 3
|m 36
|o 514.3 KEL
|p 3010018140
|r 2023-05-27
|s 2023-05-14
|t 1
|w 2009-04-29
|y BK
|x Requisitioned by Fardousi Ara Begum for the course named- "Topology (MAT 411)" ; USD 118.83
|
| 952 |
|
|
|0 0
|1 0
|2 ddc
|4 0
|6 514_300000000000000_KEL
|7 0
|9 14316
|a BRACUL
|b BRACUL
|c GEN
|d 2011-02-03
|e D. S. Books International
|l 2
|m 1
|o 514.3 KEL
|p 3010018141
|r 2021-08-25
|s 2021-01-31
|t 2
|w 2011-02-03
|y BK
|x Requisitioned by Fardousi Ara Begum for the course named- "Topology (MAT 411)" ; USD 118.83
|